000 00361nam a22001577a 4500
003 MPLRDC
005 20220104143439.0
008 210129b ||||| |||| 00| 0 eng d
082 _a857.623 SJ
100 _a松家编著
245 _a灵异奇谈
_c
260 _a
_b钟文出版社
_c
300 _b
650 _a灵异小说
942 _cBK
_o857.623 SJ
999 _c39997
_d39987